The expert witness (Record no. 107823)
[ view plain ]
| 000 -LEADER | |
|---|---|
| fixed length control field | 01445cam a22002775a 4500 |
| 001 - CONTROL NUMBER | |
| control field | L142009 |
| 008 - FIXED-LENGTH DATA ELEMENTS--GENERAL INFORMATION | |
| fixed length control field | 080121s2007 xxk f 000 0 eng d |
| 020 ## - INTERNATIONAL STANDARD BOOK NUMBER | |
| International Standard Book Number | 9780721914428 |
| 035 ## - SYSTEM CONTROL NUMBER | |
| System control number | (Sirsi) u142009 |
| 041 0# - LANGUAGE CODE | |
| Language code of text/sound track or separate title | eng |
| 050 04 - LIBRARY OF CONGRESS CALL NUMBER | |
| Classification number | 347.4107 $2 18 |
| 100 1# - MAIN ENTRY--PERSONAL NAME | |
| Personal name | Bond, Catherine |
| 245 04 - TITLE STATEMENT | |
| Title | The expert witness |
| Remainder of title | a practical guide |
| 250 ## - EDITION STATEMENT | |
| Edition statement | 3rd ed. |
| 260 ## - PUBLICATION, DISTRIBUTION, ETC. | |
| Place of publication, distribution, etc. | Crayford |
| Name of publisher, distributor, etc. | Shaw & Sons |
| Date of publication, distribution, etc. | 2007 |
| 300 ## - PHYSICAL DESCRIPTION | |
| Extent | xv, 235p. |
| Dimensions | 21cm. |
| 505 2# - FORMATTED CONTENTS NOTE | |
| Formatted contents note | Expert evidence in context -- The role of the expert -- Writing reports -- The expert witness at meetings -- The expert in court -- Payment of experts' fees |
| 520 ## - SUMMARY, ETC. | |
| Summary, etc. | Provides a guide on best practice for consultants operating as experts in the courtroom. Explains how a good presentation of evidence can be made and thus prepares the expert for court processes and cross-examination. Describes the criminal court system, explaining the role of expert evidence in context. Explains the role of the expert in court, outlining the procedures which can be examined and covering typical questions. Covers experts' appearances in meetings. Also contains a section on the question of experts' fees and expenses. |
| 521 2# - TARGET AUDIENCE NOTE | |
| Target audience note | Advanced |
| 651 #4 - SUBJECT ADDED ENTRY--GEOGRAPHIC NAME | |
| Geographic name | United Kingdom |
| Chronological subdivision | |
| 690 ## - LOCAL SUBJECT ADDED ENTRY--TOPICAL TERM (OCLC, RLIN) | |
| Topical term or geographic name as entry element | MANAGEMENT-DISPUTE AVOIDANCE, MANAGEMENT AND RESOLUTION-DISPUTE MANAGEMENT AND RESOLUTION-EXPERT WITNESSES |
| 700 1# - ADDED ENTRY--PERSONAL NAME | |
| Personal name | Solon, Mark |
| 700 1# - ADDED ENTRY--PERSONAL NAME | |
| Personal name | Harper, Penny |
| 700 1# - ADDED ENTRY--PERSONAL NAME | |
| Personal name | Davies, Gill |
| 942 ## - ADDED ENTRY ELEMENTS (KOHA) | |
| Suppress in OPAC | 0 |
| Withdrawn status | Lost status | Source of classification or shelving scheme | Damaged status | Not for loan | Home library | Current library | Shelving location | Date acquired | Cost, normal purchase price | Total Checkouts | Full call number | Barcode | Date last seen | Date last checked out | Copy number | Cost, replacement price | Price effective from | Koha item type |
|---|---|---|---|---|---|---|---|---|---|---|---|---|---|---|---|---|---|---|
| Dewey Decimal Classification | London | London | Books | 25/01/2008 | 29.50 | 11 | 347.4107 BON | 30072538 | 06/08/2019 | 08/07/2009 | 1 | 29.50 | 06/08/2019 | Book |